LEADER 07272nam 22008295 450 001 996465804003316 005 20200701041626.0 010 $a3-540-39878-3 024 7 $a10.1007/b12002 035 $a(CKB)1000000000212145 035 $a(SSID)ssj0000322117 035 $a(PQKBManifestationID)11282755 035 $a(PQKBTitleCode)TC0000322117 035 $a(PQKBWorkID)10282519 035 $a(PQKB)11650668 035 $a(DE-He213)978-3-540-39878-3 035 $a(MiAaPQ)EBC3088975 035 $a(PPN)155201271 035 $a(EXLCZ)991000000000212145 100 $a20121227d2003 u| 0 101 0 $aeng 135 $aurnn|008mamaa 181 $ctxt 182 $cc 183 $acr 200 10$aComputer Safety, Reliability, and Security$b[electronic resource] $e22nd International Conference, SAFECOMP 2003, Edinburgh, UK, September 23-26, 2003, Proceedings /$fedited by Stuart Anderson, Massimo Felici, Bev Littlewood 205 $a1st ed. 2003. 210 1$aBerlin, Heidelberg :$cSpringer Berlin Heidelberg :$cImprint: Springer,$d2003. 215 $a1 online resource (XVIII, 426 p.) 225 1 $aLecture Notes in Computer Science,$x0302-9743 ;$v2788 300 $aBibliographic Level Mode of Issuance: Monograph 311 $a3-540-20126-2 320 $aIncludes bibliographical references and index. 327 $aKeynote Talk -- Issues in Safety Assurance -- Formal Methods -- Elicitation and Validation of Graphical Dependability Models -- Visual Modeling and Verification of Distributed Reactive Systems -- Automatic Timeliness Verification of a Public Mobile Network -- Improving System Reliability via Model Checking: The FSAP/NuSMV-SA Safety Analysis Platform -- Design for Dependability -- Integrity Static Analysis of COTS/SOUP -- Safety Lifecycle for Developing Safety Critical Artificial Neural Networks -- Quantitative Reliability Estimation of a Computer-Based Motor Protection Relay Using Bayesian Networks -- A Dependability Model for Domestic Systems -- Security and Formal Methods -- Modelling and Verification of Layered Security Protocols: A Bank Application -- A Constraint Framework for the Qualitative Analysis of Dependability Goals: Integrity -- Software Tamper Resistance Using Program Certificates -- Keynote Talk -- Developing High Assurance Systems: On the Role of Software Tools -- Dependability and Performance Analysis -- Web Service Availability ? Impact of Error Recovery -- A Unified Tool for Performance Modelling and Prediction -- Dependability of Medical Systems -- An Approach to Trust Case Development -- Reliable Data Replication in a Wireless Medical Emergency Network -- Critical Feature Analysis of a Radiotherapy Machine -- Fault Tolerance -- Byzantine Fault Tolerance, from Theory to Reality -- Redundancy Management for Drive-by-Wire Computer Systems -- Fault-Tolerant Communication System to Improve Safety in Railway Environments -- Dependable Communication Synthesis for Distributed Embedded Systems -- Tools for Dependable Design -- Enhancing Software Safety by Fault Trees: Experiences from an Application to Flight Critical SW -- On the Role of Traceability for Standards Compliance: Tracking Requirements to Code -- Tools Supporting the Communication of Critical Domain Knowledge in High-Consequence Systems Development -- Dependability of Critical Infrastructures -- Security Policy Configuration Issues in Grid Computing Environments -- Dependability and Survivability of Large Complex Critical Infrastructures -- Hazard and Safety Analysis -- Safety Assessment of Experimental Air Traffic Management Procedures -- The Application of Causal Analysis Techniques for Computer-Related Mishaps -- Reuse in Hazard Analysis: Identification and Support -- Design for Dependability -- The Characteristics of Data in Data-Intensive Safety-Related Systems -- Using IEC 61508 to Guide the Investigation of Computer-Related Incidents and Accidents. 330 $aEdinburgh, the Scottish capital, hosted SAFECOMP 2003. Since its establishment, SAFECOMP, the series of conferences on Computer Safety, Reliability and Security, has contributed to the progress of the state of the art in dependable applications of computer systems. SAFECOMP provides ample opportunity to exchange insights and experiences in emerging methods across the borders of different disciplines. SAFECOMP year after year registers new multidisciplinary trends on dependability of computer-based systems. The cross-fertilization between different scientific communities and industry supports the achievement of long-term results contributing to the integration of multidisciplinary experiences in order to improve the design and deployment of dependable computer-based systems. Over the years the participation of industry in SAFECOMP has grown steadily. This emphasizes the importance of technology transfer between academia and industry. SAFECOMP 2003 further sustains the healthy interchange of research results and practical experiences. The SAFECOMP 2003 program consisted of 30 papers selected from 96 submissions from all over the world. SAFECOMP 2003 acknowledges the invited keynote talks enhancing the technical and scientific merit of the conference. 410 0$aLecture Notes in Computer Science,$x0302-9743 ;$v2788 606 $aSoftware engineering 606 $aSpecial purpose computers 606 $aCoding theory 606 $aInformation theory 606 $aComputer logic 606 $aManagement information systems 606 $aComputer science 606 $aSoftware Engineering/Programming and Operating Systems$3https://scigraph.springernature.com/ontologies/product-market-codes/I14002 606 $aSpecial Purpose and Application-Based Systems$3https://scigraph.springernature.com/ontologies/product-market-codes/I13030 606 $aCoding and Information Theory$3https://scigraph.springernature.com/ontologies/product-market-codes/I15041 606 $aLogics and Meanings of Programs$3https://scigraph.springernature.com/ontologies/product-market-codes/I1603X 606 $aManagement of Computing and Information Systems$3https://scigraph.springernature.com/ontologies/product-market-codes/I24067 615 0$aSoftware engineering. 615 0$aSpecial purpose computers. 615 0$aCoding theory. 615 0$aInformation theory. 615 0$aComputer logic. 615 0$aManagement information systems. 615 0$aComputer science. 615 14$aSoftware Engineering/Programming and Operating Systems. 615 24$aSpecial Purpose and Application-Based Systems. 615 24$aCoding and Information Theory. 615 24$aLogics and Meanings of Programs. 615 24$aManagement of Computing and Information Systems. 676 $a005.1 702 $aAnderson$b Stuart$4edt$4http://id.loc.gov/vocabulary/relators/edt 702 $aFelici$b Massimo$4edt$4http://id.loc.gov/vocabulary/relators/edt 702 $aLittlewood$b Bev$4edt$4http://id.loc.gov/vocabulary/relators/edt 712 12$aSAFECOMP 2003 801 0$bMiAaPQ 801 1$bMiAaPQ 801 2$bMiAaPQ 906 $aBOOK 912 $a996465804003316 996 $aComputer Safety, Reliability, and Security$9772429 997 $aUNISA LEADER 01383nam0 22003011i 450 001 UON00095022 005 20231205102528.562 010 $a88-8086-281-2 100 $a20020107d1999 |0itac50 ba 101 $aita 102 $aIT 105 $a|||| ||||| 200 1 $aDa Ercolano all'Egitto$ericerche varie di papirologia$fa cura di Mario Capasso 210 $aLecce$cCongedo$d1999 215 $a212 p.$d25 cm 423 1$1001UON00363672$12001 $aRicerche varie di papirologia 461 1$1001UON00101001$12001 $aPapyrologica Lupiensia$e[Rivista annuale del Dipartimento di Filologia Classica e di Scienze Filosofiche e del Centro Interdipartimentale di Studi Papirologici. Universita'degli Studi di Lecce]$1205 $aLecce : Congedo$1207 $av. ; 25 cm$1210 $aAnnuale$1215 $aDescrizione basata su 7(1998)$v7 606 $aPAPIROLOGIA$3UONC026604$2FI 620 $aIT$dLecce$3UONL001884 686 $aT PAP IV$cPAPIROLOGIA GENERALE$2A 702 1$aCAPASSO$bMario$3UONV013512 712 $aCongedo$3UONV259359$4650 801 $aIT$bSOL$c20240220$gRICA 899 $aSIBA - SISTEMA BIBLIOTECARIO DI ATENEO$2UONSI 912 $aUON00095022 950 $aSIBA - SISTEMA BIBLIOTECARIO DI ATENEO$dSI T PAP IV 009/7 $eSI MC 22625 7 009/7 996 $aDa Ercolano all'Egitto$977483 997 $aUNIOR